Cẩm nang tín dụng

Đã lưu trong:
Sonraí Bibleagrafaíochta
Príomhúdar: Không rõ
Formáid: Leabhar
Teanga:Vietnamese
Foilsithe: Khoa học xã hội 1994
Clibeanna: Cuir Clib Leis
Gan Chlibeanna, Bí ar an gcéad duine leis an taifead seo a chlibeáil!
Thư viện lưu trữ: Mạng thư viện Đại học Đà Nẵng
LEADER 00618nam a2200277 4500
001 000026176
003 1701
005 20150325120000.0
008 150325s vm 000 vie
020 |c 0,0000 
040 |a NOTTS 
100 |a Không rõ 
245 |a Cẩm nang tín dụng 
260 |b Khoa học xã hội  |c 1994 
300 |a 669tr. ; 
OWN |a LTT 
999 |a From the UDN01 
TYP |a Monograph 
TYP |a Printed language 
980 |a Mạng thư viện Đại học Đà Nẵng